000 01103nmc a2200337 a 4500
003 AR-BaBNM
005 20251128210721.0
008 211020s1999 ||||||||||||||000 | spa||
020 _a950-808-202-X
040 _cAR-BaBNM
100 1 _aAlcaide, Stella Maris
245 1 0 _aLa mediación en la escuela
_bconvivir y aprender
260 _aRosario
_bHomo Sapiens Ediciones
_c1999
300 0 _a151 p.
_btablas
490 0 _aEducación
500 0 _aTirada especial para la Red Federal de Formación Docente Continua. Ministerio de Cultura y Educación de la Nación
500 0 _aContiene referencias bibliográficas
650 4 _aSOLUCION DE CONFLICTOS
650 4 _aACTIVIDADES
650 4 _aPROCESO DE COMUNICACION
650 4 _aPROBLEMAS DE LA COMUNICACION
650 4 _aRELACION FAMILIA-ESCUELA
653 0 _aMEDIACION ESCOLAR
653 0 _aCONVIVENCIA ESCOLAR
700 1 _aRavenna, Analía Elena
700 1 _aGuala, María del Carmen
700 1 _aAvendaño, Fernando Carlos
_eprologuista
700 1 _aSedrán, Noemí R.
_eprologuista
942 _cBK
998 _cRAQUEL
999 _c16580
_d16580